000 01445nam a2200289 4500
001 0000023472
003 CO-CtgCURN
005 20250331191037.0
007 ta
008 160627s2006 000 0 eng d
020 _a8496424499
040 _aCO-CtgCURN
_bspa
_ccoctgcurn
082 0 _a729.24
_bK911i
100 1 _aKrauel, Jacobo.
245 1 0 _aGreat spaces :
_binteriores domesticos /
_cJacobo Krauel , editor Carles Broto.
260 _aBarcelona :
_bLinksbooks,
_c2006.
300 _a191 p.
336 _2rdacontent
337 _2rdamedia
_asin mediacion
_bn
338 _2rdacarrier
_avolumen
_bnc
505 8 _aCarlo Donati: Loft A.--Drews + strenge architekten bda.--Keiichi irie + power unit studio: Casa Y.--Johnson Chou: residencia Yolles.--Bonetti Kozerski Studio: apartamento DK.--Roberto Silvestri: Una casa en Piazza Navona.--M. J. Neal: ramp House.--Eulalia Sarda: apartamento Sant Vicenc.--Samark Arkitektur , design AB: Apartamento turning torso.--Gracia Studio: Casa GA.--Glen Irani: Casa Hover.--Takao Shiotsuka: Casa Atu.--Marpillero Pollak Architects: Duane street Live work loft.--Jordi Gali: apartamento en Barcelona.--Simone Micheli: residencia Bussotti.--Jay Kammen, Kammen: Pablo Loft
650 1 4 _aDecoracion de interiores.
700 1 _aBroto, Carles,
_eEditor.
908 _a160627
942 _cBK
_h729.24
_iK911i
_2ddc
999 _c25556
_d25556